Szczegóły MARC21

Bilans wodnogospodarczy wód podziemnych z uwzględnieniem oddziaływań z wodami powierzchniowymi w polskiej części dorzecza Odry : Informator Państwowej Służby Hydrogeologicznej /

003 -Nazwa inst., której nr kontr. jest w polu 001 [,]
    • @
    • Nazwa instytucji, której n kontrolny jest w polu 001
    • NUKAT
005 -DATA I CZAS OSTATNIEJ MODYFIKACJI [,]
    • @
    • pole kontrolne
    • 20241231111510.0
020 -Międzynarod. znormalizowany nr książki - ISBN [ , ]
    • a
    • Numer ISBN
    • 9788378632528 Find
040 -Instytucja sporządzająca opis [ , ]
    • a
    • Instytucja, która sporządziła opis (NP)
    • KIEL 008/JK
    • c
    • Instytucja, która sporządziła rekord (NP)
    • KIEL 008/JKs
    • d
    • Instytucja, która zmodyfikowała rekord (P)
    • KIEL 008/JK
    • d
    • Instytucja, która zmodyfikowała rekord (P)
    • KR 93/BJs
942 -Rodzaj dokumentu [ , ]
    • c
    • Rodzaj dokumentu
    • Książka
100 -Hasło główne - nazwa osobowa [1, ]
    • a
    • Nazwa osobowa (NP)
    • Przytuła, Elżbieta.
    • 9
    • KHW
    • 77844
245 -Strefa tytułu i oznaczenia odpowiedzialności [1,0]
    • a
    • Tytuł
    • Bilans wodnogospodarczy wód podziemnych z uwzględnieniem oddziaływań z wodami powierzchniowymi w polskiej części dorzecza Odry : Find
    • b
    • Ciąg dalszy tytułu (NP)
    • Informator Państwowej Służby Hydrogeologicznej / Find
    • c
    • Pozostałe elementy strefy tytułu i oznaczenia odpowiedzialności (NP)
    • Elżbieta Przytuła, Sławomir Filar, Grzegorz Mordzonek.
246 -Wariant tytułu [3,0]
    • a
    • Tytuł (NP)
    • Informator Państwowej Służby Hydrogeologicznej
260 -Strefa adresu wydawniczego [ , ]
    • a
    • Miejsce wydania (P)
    • Warszawa :
    • b
    • Nazwa wydawcy (P)
    • Państwowy Instytut Geologiczny - Państwowy Instytut Badawczy,
    • c
    • Data wydania (P)
    • 2013.
300 -Strefa opisu fizycznego [ , ]
    • a
    • Określenie formy książki i/lub objętość (NP)
    • 87 s. :
    • b
    • Oznaczenie ilustracji (NP)
    • il. kolor. ;
    • c
    • Format (NP)
    • 24 cm.
336 -Typ zawartości [ , ]
    • a
    • Termin opisujący typ zawartości
    • Tekst
    • b
    • Kod określający zawartość
    • txt
    • 2
    • Źródło (terminu i kodu)
    • rdacontent
337 -Typ mediów [ , ]
    • a
    • Tryb odtwarzania
    • Bez urządzenia pośredniczącego
    • b
    • Kod typu mediów
    • n
    • 2
    • Źródło (terminu i kodu)
    • rdamedia
338 -Typ/rodzaj nośnika [ , ]
    • a
    • Hasło opisujące typ nośnika
    • Wolumin
    • b
    • Kod typu nośnika
    • nc
    • 2
    • Źródło (terminu i kodu)
    • rdacarrier
500 -Uwaga ogólna [ , ]
    • a
    • Uwaga ogólna (NP)
    • Zawiera tab.
504 -Uwaga dot. bibliogr. załącznikowej [ , ]
    • a
    • Uwaga dot. bibliografii załącznikowej
    • Bibliogr. s. 84-87.
530 -Uwaga dot. innej postaci fizycznej dokumentu [ , ]
    • a
    • Uwaga dot. innej postaci fizycznej dokumentu
    • Dostępny również w formie elektronicznej.
080 -Uniwersalna Klasyfikacja Dziesiętna [ , ]
    • 2
    • Identyfikator wydania tablic
    • UDC-P058
    • 9
    • UKD
    • 4319
    • a
    • Symbol klasyfikacji
    • 556.3
    • b
    • Dopowiedzenie
    • Hydrologia wód gruntowych (podziemnych). Geohydrologia. Hydrogeologia. Warstwy wodonośne. Źródła. Gospodarka wodami podziemnymi.
    • 4
    • UKD2
    • 7642
    • x
    • Poddział wspólny
    • (438)
    • c
    • Dopowiedzenie poddz. wspólnego
    • (Polska).
080 -Uniwersalna Klasyfikacja Dziesiętna [ , ]
    • 2
    • Identyfikator wydania tablic
    • UDC-P058
    • 9
    • UKD
    • 4318
    • a
    • Symbol klasyfikacji
    • 556.18
    • b
    • Dopowiedzenie
    • Gospodarka wodna. Hydrologia stosowana. Kontrola warunków hydrologicznych przez człowieka.
    • 4
    • UKD2
    • 7642
    • x
    • Poddział wspólny
    • (438)
    • c
    • Dopowiedzenie poddz. wspólnego
    • (Polska).
650 -Hasło przedmiotowe [ ,7]
    • a
    • Hasło przedmiotowe
    • Wody podziemne
    • z
    • Określnik geograficzny
    • Polska
    • z
    • Określnik geograficzny
    • Odry, Dorzecze.
    • 2
    • Źródło terminu
    • kaba
    • 9
    • KHW
    • 380273
650 -Hasło przedmiotowe [ ,7]
    • a
    • Hasło przedmiotowe
    • Zarządzanie zasobami wodnymi
    • z
    • Określnik geograficzny
    • Polska
    • z
    • Określnik geograficzny
    • Odry, Dorzecze.
    • 2
    • Źródło terminu
    • kaba
    • 9
    • KHW
    • 380274
650 -Hasło przedmiotowe [ ,7]
    • a
    • Hasło przedmiotowe
    • Bilans wodny
    • z
    • Określnik geograficzny
    • Polska
    • z
    • Określnik geograficzny
    • Odry, Dorzecze.
    • 2
    • Źródło terminu
    • kaba
    • 9
    • KHW
    • 380275
980 -Symbol UKD [ , ]
    • a
    • UKD
    • 556.3:556.18](438)
700 -Hasło dodatkowe - nazwa osobowa [1, ]
    • a
    • Nazwa osobowa (NP)
    • Filar, Sławomir. Find
    • 9
    • KHW
    • 87649
700 -Hasło dodatkowe - nazwa osobowa [1, ]
    • a
    • Nazwa osobowa (NP)
    • Mordzonek, Grzegorz. Find
    • 9
    • KHW
    • 87650
710 -Hasło dodatkowe - nazwa ciała zbiorowego [2, ]
    • a
    • Nazwa ciała zbiorowego lub nazwa geograficzna jako pierwszy element (NP)
    • Państwowy Instytut Geologiczny.
    • 4
    • Kod relacji
    • pbl
    • 9
    • KHW
    • 70709
856 -Dostęp do wersji elektronicznej [4,1]
920 -ISBN [ , ]
    • a
    • ISBN
    • 978-83-7863-252-8 Find
Data inwentaryzacji Lokalizacja Status udost. Numer inwentarzowy
2014-07-04BG1Z.118839